Music Genre based on the artists - Statistics

General Stats
  • This quiz has been taken 5 times
  • The average score is 7 of 15
Answer Stats
Hint Answer % Correct
Nirvana and Pearl Jam Grunge
80%
BTS and BLACKPINK Kpop
80%
Oasis and Blur Britpop
60%
My Chemical Romance and Fall out Boy Emo
60%
David Bowie and Queen Glam rock
60%
Korn and Limp Bizkit Numetal
60%
Pink Floyd and Yes Prog rock
60%
Skillex and Skream Dubstep
40%
Depeche Mode and a-ha Synthpop
40%
Burna boy and Wizkid Afrobeats
20%
Central Cee and Digga D Drill
20%
David Guetta and Calvin Harris Edm
20%
Arctic Monkeys and The Killers Indie rock
20%
The specials and Madness Ska
20%
Travis Scott and Future Trap
20%
No matching quizzes found
Score Distribution
Percent of People with Each Score
Percentile by Number Answered
Your Score History
You have not taken this quiz